| 000 | 01881nam a2200253Ia 4500 | ||
|---|---|---|---|
| 999 |
_c51727 _d51727 |
||
| 001 | 18719 | ||
| 003 | GE_BSU | ||
| 005 | 20210608143645.0 | ||
| 008 | 181216s2014||||ge |||||||||||||| ||geo|| | ||
| 040 | _cGE_BSU | ||
| 041 | _ageo | ||
| 080 | _a61 ა-52 | ||
| 100 |
_aალფაიძე, მარინე _911288 |
||
| 245 |
_aთავის ტვინის სისხლმომარაგების უკანა აუზის დისცირკულაციის ნეიროსონოლოგიური პატერნების დახასიათება და მათი კლინიკური ღირებულება / _cმარინე ალფაიძე; სამეცნიერო ხელმძღვანელი მარინე ჯანელიძე; თბილისის სახელმწიფო სამედიცინო უნივერსიტეტი. |
||
| 264 |
_aთბილისი, _c2014. |
||
| 300 |
_a182 გვ.; _b30 სმ. |
||
| 504 | _aბიბლიოგრაფია: გვ. 157-169. | ||
| 653 | _aდისერტაცია | ||
| 653 | _aთავის ტვინის სისხლმომარაგების უკანა აუზის დისცირკულაციის ნეიროსონოლოგიური პატერნების დახასიათება და მათი კლინიკური ღირებულება | ||
| 653 | _aმედიცინა | ||
| 700 |
_aჯანელიძე, მარინე _eსამეცნიერო ხელმძღვანელი _96316 |
||
| 710 |
_aთბილისის სახელმწიფო სამედიცინო უნივერსიტეტი _911289 |
||
| 942 |
_cBK _2udc |
||